| 000 | 00744pam a2200229 a 4500 | ||
|---|---|---|---|
| 999 |
_c233355 _d233355 |
||
| 001 | 461968 | ||
| 003 | Nust | ||
| 005 | 20170307110830.0 | ||
| 008 | 830907s1984 nyu 000 1 eng | ||
| 010 | _a 83019078 | ||
| 020 | _a9780752858524 | ||
| 040 |
_aDLC _cDLC _dDLC |
||
| 050 | 0 | 0 |
_aPS3562.U26 _bA87 1984 |
| 082 | 0 | 0 |
_a813.54 _bLUD |
| 100 | 1 |
_aLudlum, Robert, _d1927-2001. |
|
| 245 | 1 | 4 |
_aThe Aquitaine progression / _cRobert Ludlum. |
| 250 | _a1st ed. | ||
| 260 |
_aNew York : _bRandom House, _cc1984. |
||
| 300 |
_a784 p. ; _c25 cm. |
||
| 650 |
_aPolitical crimes and offenses _xFiction |
||
| 856 | 4 | 2 |
_3Publisher description _uhttp://www.loc.gov/catdir/description/random0412/83019078.html |
| 906 |
_a7 _bcbc _corignew _d1 _eocip _f19 _gy-gencatlg |
||
| 942 |
_2ddc _cBK |
||